Informe nacional sobre el impacto social de la globalización en Argentina (Registro nro. 3842)
[ vista simple ]
| 000 -LEADER | |
|---|---|
| fixed length control field | 01489 a2200241 4500 |
| 001 - CONTROL NUMBER | |
| control field | 44893 |
| 005 - DATE AND TIME OF LATEST TRANSACTION | |
| control field | 20260407155723.0 |
| 008 - FIXED-LENGTH DATA ELEMENTS--GENERAL INFORMATION | |
| fixed length control field | 260407a2009 arg spa d |
| 003 - CONTROL NUMBER IDENTIFIER | |
| control field | AR-UNSa-BCEJYS |
| 040 ## - CATALOGING SOURCE | |
| Original cataloging agency | AR-UNSa-BCEJYS |
| Language of cataloging | spa |
| Transcribing agency | AR-UNSa-BCEJYS |
| 080 ## - UNIVERSAL DECIMAL CLASSIFICATION NUMBER | |
| Universal Decimal Classification number | 304.4(82) |
| Common auxiliary subdivision | Aspectos generales de las políticas y prácticas sociales y culturales en Argentina (política social) |
| 020 ## - INTERNATIONAL STANDARD BOOK NUMBER | |
| International Standard Book Number | 978-92-2-322923-8 |
| 041 ## - LANGUAGE CODE | |
| Language code of text/sound track or separate title | spa |
| 100 1# - MAIN ENTRY--PERSONAL NAME | |
| Personal name | Argentina. Ministerio de Trabajo, Empleo y Seguridad Social |
| 245 10 - TITLE STATEMENT | |
| Title | Informe nacional sobre el impacto social de la globalización en Argentina |
| 264 #1 - PRODUCTION, PUBLICATION, DISTRIBUTION, MANUFACTURE, AND COPYRIGHT NOTICE | |
| Place of production, publication, distribution, manufacture | Buenos Aires : |
| Name of producer, publisher, distributor, manufacturer | OIT |
| Date of production, publication, distribution, manufacture, or copyright notice | 2009 |
| 300 ## - PHYSICAL DESCRIPTION | |
| Extent | 197 p. |
| Dimensions | 30 cm. |
| 505 ## - FORMATTED CONTENTS NOTE | |
| Formatted contents note | 1. Algunos elementos para el análisis de la dimensión social de la globalización – 2. Sistema multilateral de comercio e impacto social de la globalización en Argentina – 3. Políticas públicas y empleo: desafíos y oportunidades en una economía global – 4. Los efectos de la innovación sobre el empleo, en el marco de la globalización – 5. Efectos de la inserción internacional de Argentina en el mercado de trabajo doméstico: el caso de China – 6. Auge de los productos básicos alimentarios: impactos económicos, sociales, ambientales y desafíos de políticas - |
| 590 ## - LOCAL NOTE (RLIN) | |
| Local note | niveau_biblio:m niveau_hierar:0 |
| 700 1# - ADDED ENTRY--PERSONAL NAME | |
| Personal name | Oficina Internacional del Trabajo |
| 856 41 - ELECTRONIC LOCATION AND ACCESS | |
| Uniform Resource Identifier | <a href="https://www.biblioeco.unsa.edu.ar/pmb/images/libros/L127024.jpg">https://www.biblioeco.unsa.edu.ar/pmb/images/libros/L127024.jpg</a> |
| Link text | Imagen de portada |
| Electronic format type | image/jpeg |
| 942 ## - ADDED ENTRY ELEMENTS (KOHA) | |
| Koha item type | |
| Withdrawn status | Lost status | Damaged status | Not for loan | Home library | Current library | Shelving location | Date acquired | Total checkouts | Full call number | Barcode | Date last seen | Price effective from | Koha item type |
|---|---|---|---|---|---|---|---|---|---|---|---|---|---|
| Biblioteca Prof. Eusebio Cleto del Rey | Biblioteca Prof. Eusebio Cleto del Rey | 07/04/2026 | 304.4(82) O31 | L127024 | 07/04/2026 | 07/04/2026 | Libro |